000 00334pam a2200157a 44500
008 230515b2009 xxu||||| |||| 00| 0 eng d
020 _aNULL
041 _aENGLISH
082 _a629.136 RAN
100 _aRANGWALA
245 _aAIRPORT ENGINEERING
250 _a1
260 _aNULL
_bNA
_c2009
300 _a286
650 _aNULL
999 _c639052
_d639052